Fundamentación de la ética cristiana /

Guardado en:
Detalles Bibliográficos
Autor principal: López Azpitarte, Eduardo (autor)
Formato: Libro
Idioma:Español
Publicado: México : Ediciones Paulinas, 1994, c1994
Etiquetas: Agrega una etiqueta
Sin etiquetas, Sé el primero en etiquetar este registro!

MARC

LEADER 00000nam^a2200000^a^4500
001 000623164
005 20251024000000.0
009 20260310133932.731
020 |a 970-612-007-6 
037 |a Acervo Xavier Clavigero 
041 |a ESP 
091 |a FHG. 00270 
100 |a López Azpitarte, Eduardo  |e (autor) 
245 1 0 |a Fundamentación de la ética cristiana / 
264 4 |a México :  |b Ediciones Paulinas,  |c 1994, c1994 
300 |a 460 p. 
336 |a texto  |b txt  |2 rdacontenido 
337 |a sin mediación  |b n  |2 rdamedio 
338 |a volumen  |b nc  |2 rdasoporte 
649 |a XX 
910 |a Fondo Humberto García Bedoy S.J. 
920 |a Impresos - Libros 
930 |a Fondos Especiales 
905 |a 148 
901 |a 623164-10  |b IT2  |c ESP  |i D  |u 20251024 
902 |a https://opac.biblio.iteso.mx/vufind/Record/000623164